1101 1224 1428 1184 1785 1171 1221 1755 1986 1884 1079 1862 1399 1662 1739 1270 1479 1686 1501 1282 1737 1006 1616 1718 1344 1639 1306 1752 1589 1349 1760 1167 1112 1144 1722 1900 1881 1417 1667 1097 1736 1434 1237 1747 1600 1153 1714 1598 1172 1439 1169 1353 1244 1546 1906 1922 1380 1684 1541 1443 1525 1500 1916 1064 1841 1983 1843 1059 1106 1998 1250 1654 1274 1247 1767 1956 1286 1531 1553 1290 1100 1403 1608 1029 1069 1726 1946 1950 1716 1034 1887 1776 1445 1374 1903 1392 1937 1946 1258 BCNSPRNW ULIB Ver.6.0+V

เปลี่ยนเป็นภาษาไทย

Change to English
 แสดงรายละเอียดบรรณานุกรม
  กลับหน้าหลัก

Brief Record : Get Marc (ISO 2709) : E-mail record : QR code < ปิดหน้าต่าง
LEADER : 00000nam 2200000uu 4500
001    13399114191
003     ULIB
008    120228s2552||||th 000 0 tha d
020    ^a9786115070190
060 04 ^aWA292^bส576ค
100 0  ^aสันต์ หัตถีรัตน์
245 10 ^aคู่มือปฐมพยาบาลด้วยตนเอง /^cสันต์ หัตถีรัตน์
250    ^aพิมพ์ครั้งที่ 1
260    ^aกรุงเทพฯ :^bหมอชาวบ้าน,^c2552
300    ^a113 หน้า :^bภาพประกอบ ;^c21 ซม.
650  4 ^aการกู้ชีพ
650  4 ^aปฐมพยาบาล
650  4 ^aการดูแลสุขภาพด้วยตนเอง
945    ^p90^l0^i18821
945    ^p90^l0^i18822
995    ^aกัณชพร
999 ^a ใช้งานได้ทุกระบบ
รายการนี้ยังไม่มีแท็ก
คุณยังไม่ได้ล็อกอิน คุณสามารถมีกิจกรรมร่วมกับเว็บไซต์ได้ แต่ต้องล็อกอินก่อน ::
  ล็อกอิน

รายการสื่อสารสนเทศ

ลำดับที่ ประเภท เลขเรียก/บาร์โค้ด สถานที่ สถานะ
- ไม่พบข้อมูล -

รายการใกล้เคียง
    ผู้แต่ง [สันต์ หัตถีรัตน์]

    หัวเรื่อง [การกู้ชีพ]
    หัวเรื่อง [ปฐมพยาบาล]
    หัวเรื่อง [การดูแลสุขภาพด้วยตนเอง]

BibComment


ยังไม่เคยถูกคอมเมนท์

คอมเมนท์ทรัพยากรรายการนี้
  คอมเมนท์: คู่มือปฐมพยาบาลด..


 Copyright 2026. Bcnsprnw @Library